000 00346nam a2200145Ia 4500
008 150201s2009 xx 000 0 und d
082 _a616.07
_bC09G
100 _aGREER,JOHN P
245 _aWITROB CLINICAL HEMATOLOGY-2
250 _a12TH
260 _bJAYPEE BROTHERS
_aDELHI
_c2009
300 _a1-2600
650 _aPATHOLOGY
942 _2ddc
_cBK
999 _c491
_d491